000 00575nam a22002057a 4500
003 OSt
005 20210426075722.0
008 210215s1996 ||||| |||| 00| 0 eng d
020 _a080505510X
040 _aeng
_beng
_cDLC
080 _a92
_bS-68
100 _9894
_aSmith, Edward. Jean
245 _aJohn Marshall / Definer of a Nation
_c/ by: Henry Holt and Company, Inc
260 _aNew York
_bHenry Holt and Company, Inc
_c1996
300 _a736 p.
_bill.
365 _b17.95 usd
650 0 _9237
_aBiography
653 _aბიოგრაფია
942 _2udc
_cBK
999 _c1407
_d1407